Journey to dragon mountain / (Record no. 285455)
[ view plain ]
| 000 -LEADER | |
|---|---|
| fixed length control field | 02022cam a2200457Ii 4500 |
| 001 - CONTROL NUMBER | |
| control field | ocn870564434 |
| 003 - CONTROL NUMBER IDENTIFIER | |
| control field | OCoLC |
| 005 - DATE AND TIME OF LATEST TRANSACTION | |
| control field | 20200320193222.0 |
| 008 - FIXED-LENGTH DATA ELEMENTS--GENERAL INFORMATION | |
| fixed length control field | 140214t20142014nyua j 000 1 eng d |
| 020 ## - INTERNATIONAL STANDARD BOOK NUMBER | |
| International Standard Book Number | 9781481419895 |
| 020 ## - INTERNATIONAL STANDARD BOOK NUMBER | |
| International Standard Book Number | 1481419897 |
| 020 ## - INTERNATIONAL STANDARD BOOK NUMBER | |
| Terms of availability | 12.49 |
| 035 ## - SYSTEM CONTROL NUMBER | |
| System control number | (OCoLC)870564434 |
| 040 ## - CATALOGING SOURCE | |
| Original cataloging agency | YDXCP |
| Language of cataloging | eng |
| Description conventions | rda |
| Transcribing agency | YDXCP |
| Modifying agency | OCP |
| -- | MUS |
| -- | OCLCO |
| -- | OCLCQ |
| -- | WACOL |
| 049 ## - LOCAL HOLDINGS (OCLC) | |
| Holding library | WACL |
| 050 #4 - LIBRARY OF CONGRESS CALL NUMBER | |
| Classification number | PZ7.S53427 |
| Item number | Jo 2014 |
| 082 04 - DEWEY DECIMAL CLASSIFICATION NUMBER | |
| Classification number | [E] |
| Edition number | 23 |
| 092 ## - LOCALLY ASSIGNED DEWEY CALL NUMBER (OCLC) | |
| Classification number | E |
| Item number | Sea |
| 100 1# - MAIN ENTRY--PERSONAL NAME | |
| Personal name | Shaw, Natalie, |
| Relator term | adapter. |
| 9 (RLIN) | 5706259 |
| 245 10 - TITLE STATEMENT | |
| Title | Journey to dragon mountain / |
| Statement of responsibility, etc | adapted by Natalie Shaw ; based on the screenplay written by Marc Seal. |
| 246 1# - VARYING FORM OF TITLE | |
| Display text | At head of the title: |
| Title proper/short title | Mike the Knight |
| 264 #1 - Production, Publication, Distribution, Manufacture, and Copyright Notice. | |
| Place of production, publication, distribution, manufacture | New York : |
| Name of producer, publisher, distributor, manufacturer | Simon Spotlight, |
| Date of production, publication, distribution, manufacture, or copyr | [2014] |
| 264 #4 - Production, Publication, Distribution, Manufacture, and Copyright Notice. | |
| Date of production, publication, distribution, manufacture, or copyr | ©2014 |
| 300 ## - PHYSICAL DESCRIPTION | |
| Extent | 24 unnumbered pages : |
| Other physical details | color illustrations ; |
| Dimensions | 21 cm |
| 336 ## - Content Type | |
| Content type term | text |
| 337 ## - Media type | |
| Media type term | unmediated |
| 338 ## - Carrier type | |
| Carrier type term | volume |
| 500 ## - GENERAL NOTE | |
| General note | "As seen on Nick Jr."--Back cover. |
| 520 ## - SUMMARY, ETC. | |
| Summary, etc | Mike and Evie are thrilled when their dad returns to Glendragon with tales of an exciting adventure. The King tells them Vikings have stolen a crystal that belongs on Dragon Mountain and he must find it and return it before the giant dragon who lives there realizes it is missing. Mike and Evie decide to surprise their dad and find the crystal on their own. But are they too young for such a danderous mission? |
| 521 ## - TARGET AUDIENCE NOTE | |
| Target audience note | Childrens |
| Source | , Penworthy |
| 650 #0 - SUBJECT ADDED ENTRY--TOPICAL TERM | |
| Topical term or geographic name as entry element | Knights and knighthood |
| Form subdivision | Juvenile fiction. |
| 9 (RLIN) | 5683657 |
| 650 #0 - SUBJECT ADDED ENTRY--TOPICAL TERM | |
| Topical term or geographic name as entry element | Dragons |
| Form subdivision | Juvenile fiction. |
| 9 (RLIN) | 5673921 |
| 700 1# - ADDED ENTRY--PERSONAL NAME | |
| Personal name | Seal, Marc, |
| Relator term | screenwriter. |
| 9 (RLIN) | 5894251 |
| 710 2# - ADDED ENTRY--CORPORATE NAME | |
| Corporate name or jurisdiction name as entry element | Hit Entertainment. |
| 9 (RLIN) | 66216 |
| 730 0# - ADDED ENTRY--UNIFORM TITLE | |
| -- | Adaptation of (work) : |
| Uniform title | Mike the Knight (Television program) |
| 9 (RLIN) | 5885587 |
| 938 ## - | |
| -- | YBP Library Services |
| -- | YANK |
| -- | 11650672 |
| 942 ## - ADDED ENTRY ELEMENTS (KOHA) | |
| Koha item type | BOOK |
| 948 ## - LOCAL PROCESSING INFORMATION (OCLC); SERIES PART DESIGNATOR (RLIN) | |
| Series part designator, SPT (RLIN) | 01/05/2015 |
| z (OCLC) | Sirsi |
| 994 ## - | |
| -- | 02 |
| -- | WACOL |
| 996 ## - | |
| -- | 114757 |
| -- | 34301001399171 |
| -- | E |
| -- | bk |
| -- | wcl |
| -- | i |
| -- | 8 |
| -- | 12.49 |
| -- | Penworthy |
| -- | Sha |
| -- | 01/08/2015 |
| -- | 08/13/2019 |
| -- | 08/01/2019 |
| Withdrawn status | Lost status | Source of classification or shelving scheme | Damaged status | Not for loan | Collection code | Home library | Current library | Shelving location | Date acquired | Source of acquisition | Cost, normal purchase price | Total Checkouts | Total Renewals | Full call number | Barcode | Date last seen | Date checked out | Cost, replacement price | Price effective from | Koha item type |
|---|---|---|---|---|---|---|---|---|---|---|---|---|---|---|---|---|---|---|---|---|
| Dewey Decimal Classification | Children Picture Books | Wasatch County Library | Wasatch County Library | Main Floor Childrens Area | 01/08/2015 | Penworthy | 12.49 | 20 | 11 | E Sha | 34301001399171 | 11/21/2025 | 11/03/2025 | 12.49 | 03/20/2020 | BOOK |
